|
|
|
|
| LEADER |
02421nam a2200373 a 4500 |
| 001 |
4982180 |
| 008 |
090824s1999 nyua 001 0 eng d |
| 010 |
|
|
|a 98046602
|
| 020 |
|
|
|a 0070602816
|
| 020 |
|
|
|a 0070435103
|
| 040 |
|
|
|a DLC
|c DLC
|d DLC
|
| 082 |
0 |
0 |
|a 519.5
|2 21
|
| 100 |
1 |
|
|a Spiegel, Murray R.
|
| 245 |
1 |
0 |
|a Schaum's outline of theory and problems of statistics /
|c Murray R. Spiegel.
|
| 246 |
3 |
0 |
|a Theory and problems of statistics
|
| 250 |
|
|
|a 3rd ed. /
|b Larry J. Stephens.
|
| 260 |
|
|
|a New York ;
|a New Delhi:
|b McGraw-Hill;
|b Tata McGraw-Hill,
|c c1999.
|
| 300 |
|
|
|a xvii, 538 p. :
|b ill. ;
|c 28 cm.
|
| 490 |
0 |
|
|a Schaum's outline series
|
| 504 |
|
|
|a Includes index.
|
| 541 |
1 |
|
|e 00015264
|
| 650 |
|
0 |
|a Statistics
|x Problems, exercises, etc.
|
| 700 |
1 |
|
|a Stephens, Larry J.
|
| 852 |
4 |
|
|a Ayesha Abed Library
|j General Shelf.
|
| 999 |
|
|
|c 3737
|d 3737
|
| 952 |
|
|
|0 0
|1 0
|2 ddc
|4 0
|6 519_500000000000000_SPI
|7 0
|9 3391
|a BRACUL
|b BRACUL
|c GEN
|d 2009-09-03
|g 540.00
|l 22
|m 109
|o 519.5 SPI
|p 3010015264
|r 2022-08-29
|s 2022-08-16
|t 9
|w 2009-09-03
|y BK
|
| 952 |
|
|
|0 0
|1 0
|2 ddc
|4 0
|6 519_500000000000000_SPI
|7 0
|9 7668
|a BRACUL
|b BRACUL
|c GEN
|d 2010-02-01
|g 380.00
|l 17
|m 151
|o 519.5 SPI
|p 3010012107
|r 2023-05-22
|s 2023-02-28
|t 1
|w 2010-02-01
|y BK
|
| 952 |
|
|
|0 0
|1 0
|2 ddc
|4 0
|6 519_500000000000000_SPI
|7 0
|9 8200
|a BRACUL
|b BRACUL
|c GEN
|d 2010-02-16
|l 13
|m 74
|o 519.5 SPI
|p 3010015262
|r 2023-10-12
|s 2023-10-11
|t 7
|w 2010-02-16
|y BK
|
| 952 |
|
|
|0 0
|1 0
|2 ddc
|4 0
|6 519_500000000000000_SPI
|7 0
|9 8720
|a BRACUL
|b BRACUL
|c GEN
|d 2010-03-21
|g 380.00
|l 18
|m 53
|o 519.5 SPI
|p 3010012110
|r 2024-02-25
|s 2024-02-11
|t 4
|y BK
|
| 952 |
|
|
|0 0
|1 0
|2 ddc
|4 0
|6 519_500000000000000_SPI
|7 0
|9 8757
|a BRACUL
|b BRACUL
|c GEN
|d 2010-03-23
|l 14
|m 104
|o 519.5 SPI
|p 3010015263
|r 2026-03-28
|s 2026-02-02
|t 8
|w 2010-03-23
|y BK
|
| 952 |
|
|
|0 0
|1 0
|2 ddc
|4 0
|6 519_500000000000000_SPI_2002
|7 0
|9 13017
|a BRACUL
|b BRACUL
|c GEN
|d 2010-11-02
|l 14
|m 66
|o 519.5 SPI
|p 3010015261
|r 2022-12-29
|s 2022-11-30
|t 6
|w 2010-11-02
|y BK
|
| 952 |
|
|
|0 0
|1 0
|2 ddc
|4 0
|6 519_500000000000000_SPI
|7 0
|9 17540
|a BRACUL
|b BRACUL
|c GEN
|d 2011-07-19
|g 380.00
|l 9
|m 86
|o 519.5 SPI
|p 3010012109
|r 2026-02-03
|s 2025-06-24
|t 3
|w 2011-07-19
|y BK
|
| 952 |
|
|
|0 0
|1 0
|2 ddc
|4 0
|6 519_500000000000000_SPI
|7 0
|9 17877
|a BRACUL
|b BRACUL
|c GEN
|d 2011-08-21
|g 380.00
|l 6
|m 47
|o 519.5 SPI
|p 3010012108
|r 2018-11-28
|s 2018-07-29
|t 2
|w 2011-08-21
|y BK
|
| 952 |
|
|
|0 0
|1 0
|2 ddc
|4 0
|6 519_500000000000000_SPI
|7 0
|9 21887
|a BRACUL
|b BRACUL
|c GEN
|d 2013-01-24
|l 12
|m 52
|o 519.5 SPI
|p 3010015260
|r 2024-01-24
|s 2023-10-15
|t 5
|w 2013-01-24
|y BK
|